[Event "Bad Woerishofen op 19th"]
[Site "Bad Woerishofen"]
[Date "2003.03.15"]
[Round "3"]
[White "Wiest, Georg"]
[Black "Holuba, Stefan"]
[Result "1-0"]
[WhiteElo "2084"]
[BlackElo "1737"]
[PlyCount "183"]
[EventDate "2003.03.13"]
[EventType "swiss"]
[EventRounds "9"]
[EventCountry "GER"]
[SourceTitle "CBM 093 Extra"]
[Source "ChessBase"]
[SourceDate "2003.05.09"]
[SourceVersion "1"]
[SourceVersionDate "2003.05.09"]
[SourceQuality "1"]

1. e4 e5 2. Bc4 Nf6 3. d3 Nc6 4. Nf3 Bc5 5. 0-0 h6 6. c3 d6 7. a4 a6 8. Nbd2 0-0 9. h3 Bd7 10. b4 Ba7 11. Bb2 a5 12. b5 Ne7 13. Kh2 Ng6 14. d4 Qe7 15. Re1 Rad8 16. Bf1 Bc8 17. c4 Nd7 18. Nb3 Bb6 19. Bc3 f5 20. Bxa5 fxe4 21. Rxe4 Nf6 22. Re3 Bxa5 23. Nxa5 Qf7 24. Ng1 Nh7 25. Rf3 Qe7 26. Ra2 Ng5 27. Rxf8+ Rxf8 28. Nb3 e4 29. Qe2 Nf4 30. Qe3 Qf7 31. Nd2 Qg6 32. a5 Nd3 33. Bxd3 exd3 34. a6 bxa6 35. bxa6 d5 36. a7 Bb7 37. Qg3 dxc4 38. Nxc4 Qc6 39. Ne3 Ne4 40. Qe5 d2 41. d5 Qe8 42. Qxe8 Rxe8 43. Nf3 Ra8 44. Nxd2 Nxd2 45. Rxd2 Rxa7 46. Rb2 Kf7 47. Rc2 Ba8 48. g4 Kf6 49. Rc5 g6 50. Kg3 Ke5 51. h4 Kd6 52. Rb5 Ra3 53. h5 gxh5 54. gxh5 Rd3 55. Kf4 Bxd5 56. Kf5 Bc6 57. Rb8 Ke7 58. Kg6 Rd6+ 59. Kg7 Be4 60. Rb4 Re6 61. f4 Bf3 62. Nf5+ Kd7 63. Ng3 c5 64. Rc4 Rc6 65. f5 Bd5 66. Rc3 c4 67. f6 Ke8 68. Re3+ Kd8 69. Ne2 Rc7+ 70. Kxh6 Bf7 71. Re5 c3 72. Kg5 c2 73. Nc1 Rc3 74. Kh6 Rg3 75. Rc5 Rg2 76. Nd3 Kd7 77. Nf4 Rh2 78. Kg7 Bxh5 79. Nxh5 Rxh5 80. Rxc2 Rg5+ 81. Kf7 Rf5 82. Rd2+ Kc6 83. Re2 Kd6 84. Re6+ Kd7 85. Ra6 Rf2 86. Kf8 Rf3 87. Ra7+ Kd8 88. Ra8+ Kd7 89. f7 Rf1 90. Ra6 Kd8 91. Kg7 Rg1+ 92. Rg6 1-0

[Event "Bad Woerishofen op 19th"]
[Site "Bad Woerishofen"]
[Date "2003.03.13"]
[Round "1"]
[White "Wiest, Georg"]
[Black "Teske, Henrik"]
[Result "0-1"]
[WhiteElo "2084"]
[BlackElo "2531"]
[PlyCount "102"]
[EventDate "2003.03.13"]
[EventType "swiss"]
[EventRounds "9"]
[EventCountry "GER"]
[SourceTitle "CBM 093 Extra"]
[Source "ChessBase"]
[SourceDate "2003.05.09"]
[SourceVersion "1"]
[SourceVersionDate "2003.05.09"]
[SourceQuality "1"]

1. Nf3 d5 2. g3 c5 3. Bg2 Nc6 4. 0-0 Nf6 5. d3 Bg4 6. Nbd2 e6 7. e4 Be7 8. Re1 0-0 9. c3 b5 10. a3 a5 11. a4 b4 12. c4 dxe4 13. dxe4 Nd7 14. h3 Bxf3 15. Nxf3 Bf6 16. Qe2 Nd4 17. Nxd4 cxd4 18. e5 Nxe5 19. Bf4 Ng6 20. Bxa8 Nxf4 21. gxf4 Qxa8 22. Qd3 Rc8 23. b3 Rc5 24. Qe4 Qb8 25. Rad1 Rf5 26. Rxd4 Bxd4 27. Qxd4 Rxf4 28. Re4 Rf3 29. Re3 Rf5 30. Rd3 h5 31. Qd8+ Qxd8 32. Rxd8+ Kh7 33. Kg2 g5 34. Rb8 g4 35. Rb5 gxh3+ 36. Kxh3 Rxf2 37. Rxh5+ Kg6 38. Rxa5 Rf3+ 39. Kg2 Rxb3 40. Rb5 f5 41. c5 Kf6 42. c6 Ke7 43. c7 Kd7 44. Rc5 Kc8 45. Rc6 Re3 46. Kf2 Re5 47. Kf3 Re1 48. Kf2 Rb1 49. Rxe6 b3 50. Rb6 b2 51. Kg2 f4 0-1

[Event "Regionalliga SW 0102"]
[Site "Bayern"]
[Date "2002.04.14"]
[Round "8.4"]
[White "Wiest, Georg"]
[Black "Sokol, Andreas"]
[Result "0-1"]
[WhiteElo "2105"]
[BlackElo "1975"]
[PlyCount "82"]
[EventDate "2001.10.07"]
[EventType "team"]
[EventRounds "9"]
[EventCountry "GER"]
[SourceTitle "EXT 2003"]
[Source "ChessBase"]
[SourceDate "2002.11.25"]
[SourceVersion "1"]
[SourceVersionDate "2002.11.25"]
[SourceQuality "1"]
[WhiteTeam "Lauingen"]
[BlackTeam "Burlafingen"]
[WhiteTeamCountry "GER"]
[BlackTeamCountry "GER"]

1. e4 c6 2. d4 d5 3. exd5 cxd5 4. c4 Nc6 5. Nc3 Nf6 6. Nf3 e6 7. cxd5 Nxd5 8. Bd3 Be7 9. 0-0 Bf6 10. Be4 0-0 11. Re1 a6 12. a3 b5 13. Qd3 h6 14. Bd2 Nde7 15. Ne2 Bb7 16. Rad1 Qd7 17. Be3 Na5 18. Bxb7 Qxb7 19. Ng3 Nc4 20. Bc1 Rfd8 21. Nh5 Nd5 22. Qe4 Nd6 23. Qg4 Nf5 24. Qh3 Kf8 25. g4 Nd6 26. Qg3 Be7 27. h4 Nf6 28. Nxf6 Bxf6 29. Qf4 Be7 30. g5 hxg5 31. hxg5 Nf5 32. g6 Bf6 33. gxf7 Qxf7 34. Qg4 Rd5 35. Bd2 Rad8 36. Bb4+ Kg8 37. Bc5 Nh4 38. Ne5 Bxe5 39. Qxh4 Qf3 40. Kf1 Bf4 41. Qe7 Rh5 0-1

[Event "Regionalliga SW 0102"]
[Site "Bayern"]
[Date "2002.03.17"]
[Round "7.4"]
[White "Schulze, Hubertus"]
[Black "Wiest, Georg"]
[Result "1/2-1/2"]
[WhiteElo "2105"]
[BlackElo "2105"]
[PlyCount "125"]
[EventDate "2001.10.07"]
[EventType "team"]
[EventRounds "9"]
[EventCountry "GER"]
[SourceTitle "EXT 2003"]
[Source "ChessBase"]
[SourceDate "2002.11.25"]
[SourceVersion "1"]
[SourceVersionDate "2002.11.25"]
[SourceQuality "1"]
[WhiteTeam "Muenchen Tarrasch"]
[BlackTeam "Lauingen"]
[WhiteTeamCountry "GER"]
[BlackTeamCountry "GER"]

1. d4 d5 2. c4 c6 3. Nf3 Nf6 4. Nc3 a6 5. cxd5 cxd5 6. g3 e6 7. Bg2 Be7 8. 0-0 b5 9. Ne5 Bb7 10. f4 0-0 11. h3 Ne4 12. Qd3 f5 13. Kh2 Nd7 14. Be3 Nb6 15. Rfc1 Bd6 16. Nd1 Qe8 17. Bf3 a5 18. b3 b4 19. Bf2 Ba6 20. Qe3 Bb5 21. Be1 Ra7 22. Nb2 Qa8 23. Nbd3 Nd7 24. g4 Rc8 25. g5 Rac7 26. h4 Qb8 27. Kg2 Qb6 28. Rxc7 Rxc7 29. Rc1 Rxc1 30. Qxc1 Qc7 31. Qxc7 Bxc7 32. Nxd7 Bxd7 33. Ne5 Bb5 34. Bxe4 fxe4 35. Kf2 Bb6 36. Ke3 g6 37. Bf2 Kg7 38. Ng4 Bc7 39. Ne5 Bd6 40. Kd2 Kf8 41. Ke3 Kg7 42. Ng4 Kf7 43. Nh6+ Kg7 44. Bg3 Kf8 45. Kd2 Kg7 46. Ng4 Bc7 47. Bh2 Kf7 48. Ke3 Bb6 49. Bg3 Bd8 50. Kd2 Bc7 51. Ke3 Bd6 52. Bh2 Be7 53. Nh6+ Kf8 54. Bg3 Bd6 55. Kd2 Kg7 56. Ng4 Kf7 57. Ke3 Kg7 58. Ne5 Be7 59. Bh2 Bd8 60. Bg3 Be7 61. Kd2 Kg8 62. Be1 Bd6 63. Ke3 1/2-1/2

[Event "Regionalliga SW 0102"]
[Site "Bayern"]
[Date "2002.01.20"]
[Round "4.4"]
[White "Wiest, Georg"]
[Black "Martin, Milan"]
[Result "0-1"]
[WhiteElo "2105"]
[BlackElo "2015"]
[PlyCount "94"]
[EventDate "2001.10.07"]
[EventType "team"]
[EventRounds "9"]
[EventCountry "GER"]
[SourceTitle "EXT 2003"]
[Source "ChessBase"]
[SourceDate "2002.11.25"]
[SourceVersion "1"]
[SourceVersionDate "2002.11.25"]
[SourceQuality "1"]
[WhiteTeam "Lauingen"]
[BlackTeam "Muenchen 77"]
[WhiteTeamCountry "GER"]
[BlackTeamCountry "GER"]

1. e4 d5 2. exd5 Qxd5 3. Nc3 Qa5 4. Bc4 Bf5 5. d4 c6 6. Nf3 Nf6 7. 0-0 e6 8. Bb3 Bd6 9. Re1 0-0 10. Ne5 Nbd7 11. Bf4 Qc7 12. Qe2 Nd5 13. Bg3 b5 14. Ne4 Bxe5 15. dxe5 Bxe4 16. Qxe4 a5 17. Qe2 a4 18. Bxd5 cxd5 19. a3 Qc4 20. Rad1 Rac8 21. c3 Qxe2 22. Rxe2 Rc4 23. f3 Nc5 24. Bf2 Nb3 25. Kf1 g5 26. h3 Kg7 27. g4 h5 28. Be3 hxg4 29. hxg4 Rh8 30. Kg2 Kg6 31. Kg3 Na5 32. Kg2 Nc6 33. Bf2 Ne7 34. Be3 Rcc8 35. Rh1 Nc6 36. Rxh8 Rxh8 37. Bc5 Na5 38. Be7 Nc4 39. Kg1 Rc8 40. Rh2 Nxe5 41. Rh5 f6 42. Kg2 Nd3 43. Rh1 d4 44. cxd4 Rc2+ 45. Kg3 Rxb2 46. Rh2 Rxh2 47. Kxh2 b4 0-1

[Event "Regionalliga SW 0102"]
[Site "Bayern"]
[Date "2001.11.11"]
[Round "2.3"]
[White "Geyer, Thomas"]
[Black "Wiest, Georg"]
[Result "1/2-1/2"]
[WhiteElo "2085"]
[BlackElo "2105"]
[PlyCount "171"]
[EventDate "2001.10.07"]
[EventType "team"]
[EventRounds "9"]
[EventCountry "GER"]
[SourceTitle "EXT 2003"]
[Source "ChessBase"]
[SourceDate "2002.11.25"]
[SourceVersion "1"]
[SourceVersionDate "2002.11.25"]
[SourceQuality "1"]
[WhiteTeam "Pasing II"]
[BlackTeam "Lauingen"]
[WhiteTeamCountry "GER"]
[BlackTeamCountry "GER"]

1. e4 c5 2. Nf3 a6 3. d4 cxd4 4. c3 d5 5. exd5 Qxd5 6. cxd4 Bg4 7. Be2 e6 8. 0-0 Nf6 9. Nc3 Qd6 10. Bg5 Nbd7 11. Bh4 Be7 12. Bg3 Qb4 13. a3 Qb6 14. Na4 Qd8 15. Rc1 Nd5 16. Ne5 Bxe2 17. Qxe2 0-0 18. Nc3 N7f6 19. Rfd1 Re8 20. Ng4 Nxc3 21. Rxc3 Nd5 22. Rc2 Qb6 23. Ne3 Rad8 24. h3 Bf6 25. Nc4 Qa7 26. Nd6 Rf8 27. Qc4 Qa8 28. Ne4 Rc8 29. Nxf6+ Nxf6 30. Qb3 Rxc2 31. Qxc2 Rc8 32. Qb3 Rc6 33. Be5 Nd5 34. f4 Qc8 35. f5 Rb6 36. Qf3 Rxb2 37. fxe6 Qxe6 38. Re1 f6 39. Bg3 Qd7 40. Qe4 Rb5 41. Bd6 f5 42. Qe5 Nf6 43. Bc5 Ne4 44. a4 Rb2 45. Rc1 Nf6 46. Bd6 Rb6 47. Bc5 Re6 48. Qb8+ Re8 49. Qd6 Qxa4 50. Rf1 Qc2 51. Qf4 Qe4 52. Qxf5 Qxf5 53. Rxf5 Ne4 54. Rf1 Nxc5 55. dxc5 Rc8 56. Rb1 Rxc5 57. Rxb7 h6 58. Ra7 Ra5 59. Kh2 Ra3 60. Kg1 Kh7 61. h4 Ra4 62. h5 Kg8 63. g3 Ra2 64. Kh1 a5 65. Kg1 a4 66. Kf1 a3 67. Kg1 Kf8 68. Kh1 Ra1+ 69. Kg2 a2 70. Kh2 Ke8 71. Kg2 Kd8 72. Kh2 Kc8 73. Kg2 Kb8 74. Ra3 Kb7 75. Ra4 Kb6 76. Ra8 Kc5 77. Kh2 Kd4 78. Kg2 Ke4 79. Ra7 Kf5 80. Rf7+ Ke6 81. Ra7 Kf6 82. Kh2 Kg5 83. Rxg7+ Kxh5 84. Ra7 Kg4 85. Kg2 h5 86. Ra5 1/2-1/2

[Event "Regionalliga SW 0001"]
[Site "Bayern"]
[Date "2000.12.10"]
[Round "3.2"]
[White "Wiest, Georg"]
[Black "Antemia, Paul"]
[Result "1/2-1/2"]
[WhiteElo "2145"]
[BlackElo "2165"]
[PlyCount "119"]
[EventDate "2000.10.15"]
[EventType "team-tourn"]
[EventRounds "9"]
[EventCountry "GER"]
[SourceTitle "EXT 2020"]
[Source "ChessBase"]
[SourceDate "2019.10.17"]
[SourceVersion "1"]
[SourceVersionDate "2019.10.17"]
[SourceQuality "1"]
[WhiteTeam "Lauingen"]
[BlackTeam "Tuerkheim/Bad Woerishofen"]
[WhiteTeamCountry "GER"]
[BlackTeamCountry "GER"]

1. e4 c5 2. Nf3 e6 3. d3 Nc6 4. g3 Nf6 5. Bg2 Be7 6. 0-0 0-0 7. Nbd2 d5 8. Re1 dxe4 9. dxe4 e5 10. c3 Be6 11. Qe2 Qc7 12. h3 h6 13. Nf1 Rad8 14. Nh4 Qd7 15. Kh2 g5 16. Nf3 Qd3 17. Qxd3 Rxd3 18. Ng1 Rfd8 19. Ne3 R3d7 20. Nf5 Bf8 21. Ne2 Bc4 22. Ne3 Bd3 23. f3 c4 24. g4 Ne7 25. Nf5 Nxf5 26. gxf5 Bxe2 27. Rxe2 Rd1 28. b4 cxb3 29. axb3 Bc5 30. h4 gxh4 31. Kh3 Nh5 32. Kxh4 Nf4 33. Bxf4 Rxa1 34. Bxe5 Rad1 35. Bf4 Be7+ 36. Kh3 Bg5 37. Be5 R8d2 38. Rxd2 Bxd2 39. Bd4 a5 40. e5 Rc1 41. e6 fxe6 42. fxe6 Bxc3 43. Bb6 Bd2 44. f4 Bxf4 45. Bxb7 Bc7 46. Bd5 Kf8 47. Bd4 Bd6 48. Bb6 Bb4 49. Kg4 Ke7 50. Be3 Rd1 51. Bc4 Rh1 52. Kf5 Rh5+ 53. Kg6 Rh4 54. Bxh6 Rxc4 55. bxc4 Kxe6 56. Bg7 Kd6 57. Bd4 a4 58. Kf5 a3 59. Ke4 Kc6 60. Kd3 1/2-1/2

[Event "Regionalliga SW 9900"]
[Site "Bayern"]
[Date "2000.??.??"]
[Round "9.3"]
[White "Wiest, Georg"]
[Black "Pleyer, Felix"]
[Result "1-0"]
[WhiteElo "2130"]
[BlackElo "1930"]
[PlyCount "65"]
[EventDate "1999.??.??"]
[EventType "team-tourn"]
[EventRounds "9"]
[EventCountry "GER"]
[SourceTitle "EXT 2020"]
[Source "ChessBase"]
[SourceDate "2019.10.17"]
[SourceVersion "1"]
[SourceVersionDate "2019.10.17"]
[SourceQuality "1"]
[WhiteTeam "Lauingen"]
[BlackTeam "Sonthofen"]
[WhiteTeamCountry "GER"]
[BlackTeamCountry "GER"]

1. c4 Nf6 2. Nf3 g6 3. d4 c5 4. Nc3 Bg7 5. d5 d6 6. h3 0-0 7. e4 Na6 8. Bd3 Nc7 9. 0-0 Rb8 10. Bf4 Nd7 11. Re1 Ne5 12. Nxe5 dxe5 13. Be3 b6 14. a3 e6 15. b4 f5 16. f3 exd5 17. cxd5 f4 18. Bf2 cxb4 19. axb4 a6 20. d6 Ne6 21. Bxa6 Kh8 22. Bxc8 Rxc8 23. Nb5 g5 24. Qd5 Rf6 25. Ra7 Rg6 26. Rea1 h5 27. Ra8 Kh7 28. d7 Rxa8 29. Rxa8 Qe7 30. Re8 Qxb4 31. Rxe6 Qb1+ 32. Kh2 g4 33. Rxg6 1-0

[Event "Regionalliga SW 9900"]
[Site "Bayern"]
[Date "1999.??.??"]
[Round "3.3"]
[White "Buckel, Ernst"]
[Black "Wiest, Georg"]
[Result "0-1"]
[WhiteElo "2005"]
[BlackElo "2130"]
[PlyCount "76"]
[EventDate "1999.??.??"]
[EventType "team-tourn"]
[EventRounds "9"]
[EventCountry "GER"]
[SourceTitle "EXT 2020"]
[Source "ChessBase"]
[SourceDate "2019.10.17"]
[SourceVersion "1"]
[SourceVersionDate "2019.10.17"]
[SourceQuality "1"]
[WhiteTeam "Augsburg SG 1873"]
[BlackTeam "Lauingen"]
[WhiteTeamCountry "GER"]
[BlackTeamCountry "GER"]

1. e4 c5 2. Nf3 a6 3. d4 cxd4 4. Nxd4 Nf6 5. Bd3 e5 6. Nb3 d5 7. exd5 Qxd5 8. 0-0 Nc6 9. Nc3 Qd8 10. a3 Be7 11. h3 Be6 12. Re1 Qc7 13. Be3 Rd8 14. Nd2 0-0 15. Na4 Nd5 16. Qh5 g6 17. Qh6 Nxe3 18. Qxe3 Bf6 19. Qb6 Qxb6 20. Nxb6 Be7 21. Rad1 Bc5 22. Ndc4 f6 23. c3 Kg7 24. b4 Bxb6 25. Nxb6 Bb3 26. Rb1 Rxd3 27. Rxb3 Nd4 28. Rb2 Rxc3 29. Re3 Rc1+ 30. Kh2 Rf7 31. g3 Rfc7 32. Na4 Rd1 33. Nc3 Ra1 34. Ne2 Nc2 35. Rd3 Rxa3 36. Rd2 Ne1 37. Rd5 Nf3+ 38. Kg2 Rd3 0-1

[Event "Regionalliga SW 9899"]
[Site "Bayern"]
[Date "1999.??.??"]
[Round "6.3"]
[White "Uhlmann, Helge"]
[Black "Wiest, Georg"]
[Result "1/2-1/2"]
[WhiteElo "2075"]
[BlackElo "2110"]
[PlyCount "120"]
[EventDate "1998.??.??"]
[EventType "team-tourn"]
[EventRounds "9"]
[EventCountry "GER"]
[SourceTitle "EXT 2020"]
[Source "ChessBase"]
[SourceDate "2019.10.17"]
[SourceVersion "1"]
[SourceVersionDate "2019.10.17"]
[SourceQuality "1"]
[WhiteTeam "Pasing II"]
[BlackTeam "Lauingen"]
[WhiteTeamCountry "GER"]
[BlackTeamCountry "GER"]

1. d4 Nf6 2. Nf3 d5 3. c4 c6 4. g3 Nbd7 5. Bg2 e6 6. 0-0 Be7 7. Nc3 0-0 8. b3 b6 9. Bb2 Bb7 10. Ne5 Nxe5 11. dxe5 Ne8 12. cxd5 exd5 13. e3 f6 14. Ne2 fxe5 15. Bxe5 Bf6 16. Qd4 Bxe5 17. Qxe5 Qf6 18. Qxf6 Nxf6 19. Nf4 Rfe8 20. h4 Rad8 21. Rfd1 Re7 22. Rd2 Rde8 23. Rad1 Ne4 24. Bxe4 Rxe4 25. Rd4 Bc8 26. Rxe4 Rxe4 27. Rd4 Re7 28. Kg2 Bf5 29. Kf3 Kf7 30. Ke2 Kf6 31. b4 b5 32. Kd2 Ke5 33. Nd3+ Bxd3 34. Kxd3 Kd6 35. h5 c5 36. bxc5+ Kxc5 37. Rf4 a5 38. h6 gxh6 39. Rf6 Re4 40. Kc3 d4+ 41. exd4+ Rxd4 42. Rxh6 b4+ 43. Kc2 Rd7 44. Rh5+ Kb6 45. Rh6+ Kb5 46. Rh5+ Ka4 47. g4 Rf7 48. Rf5 Rc7+ 49. Kb2 Re7 50. Rf3 Re4 51. Rh3 Re2+ 52. Kb1 Rxf2 53. Rxh7 Rg2 54. Rh4 Rg3 55. Kb2 Rg1 56. Rh2 Rxg4 57. Rf2 Rc4 58. Rh2 Kb5 59. a3 Rf4 60. axb4 axb4 1/2-1/2

[Event "Regionalliga SW 9899"]
[Site "Bayern"]
[Date "1998.??.??"]
[Round "3.3"]
[White "Wiest, Georg"]
[Black "Lutz, Albert"]
[Result "1-0"]
[WhiteElo "2110"]
[BlackElo "2025"]
[PlyCount "175"]
[EventDate "1998.??.??"]
[EventType "team-tourn"]
[EventRounds "9"]
[EventCountry "GER"]
[SourceTitle "EXT 2020"]
[Source "ChessBase"]
[SourceDate "2019.10.17"]
[SourceVersion "1"]
[SourceVersionDate "2019.10.17"]
[SourceQuality "1"]
[WhiteTeam "Lauingen"]
[BlackTeam "Augsburg SG 1873"]
[WhiteTeamCountry "GER"]
[BlackTeamCountry "GER"]

1. e4 Nf6 2. e5 Nd5 3. d4 d6 4. Nf3 dxe5 5. Nxe5 c6 6. Qf3 Be6 7. c3 Nd7 8. Nxd7 Qxd7 9. h3 g6 10. Na3 Bg7 11. Nc2 a5 12. Bd2 0-0 13. Be2 Nb6 14. Bf4 Bd5 15. Qg3 Qe6 16. a3 Na4 17. Bc1 Bb3 18. Ne3 c5 19. d5 Bxd5 20. Nxd5 Qxd5 21. 0-0 e5 22. Qh4 Nb6 23. Rd1 Qe6 24. Be3 Rfc8 25. Rd2 e4 26. Rad1 Bf6 27. Qf4 Be5 28. Qh4 Bf6 29. Qg3 Be7 30. Bf4 Rd8 31. Bd6 Rac8 32. Bg4 f5 33. Bxf5 Qxf5 34. Bxe7 Re8 35. Bg5 Rc6 36. h4 Nc4 37. Rd8 Rce6 38. Qc7 e3 39. fxe3 Qf8 40. Rxe8 Rxe8 41. Rf1 Qg7 42. Qxc5 Ne5 43. Bf6 Nd7 44. Qd5+ Qf7 45. Qd4 Rf8 46. g4 Nxf6 47. g5 Qc7 48. Rxf6 Qg3+ 49. Kf1 Qh3+ 50. Ke1 Re8 51. Ke2 Qg2+ 52. Rf2 Qc6 53. c4 Qa4 54. Qd5+ Kh8 55. Qd3 Kg8 56. Rf6 Re7 57. Rd6 Qe8 58. Kd2 Qf8 59. Rd8 Re8 60. Qd5+ Kh8 61. Qe5+ Rxe5 62. Rxf8+ Kg7 63. Rf4 b5 64. cxb5 Rxb5 65. b4 h6 66. gxh6+ Kxh6 67. Kc3 g5 68. hxg5+ Kxg5 69. Rc4 axb4+ 70. axb4 Kf6 71. Rc6+ Ke7 72. Rc5 Rb8 73. Rd5 Ke6 74. e4 Rc8+ 75. Kd4 Rc1 76. b5 Rd1+ 77. Kc5 Rc1+ 78. Kb6 Rc4 79. Rc5 Rxe4 80. Kc7 Rh4 81. b6 Rh7+ 82. Kb8 Kd6 83. Rc3 Rh8+ 84. Ka7 Rh1 85. Ra3 Kc6 86. b7 Rh7 87. Rc3+ Kb5 88. Rc8 1-0

[Event "Regionalliga SW 9697"]
[Site "Bayern"]
[Date "1997.??.??"]
[Round "?"]
[White "Antemia, Paul"]
[Black "Wiest, Georg"]
[Result "1-0"]
[WhiteElo "2090"]
[BlackElo "2190"]
[PlyCount "71"]
[EventDate "1996.10.??"]
[EventType "team-tourn"]
[EventRounds "9"]
[EventCountry "GER"]
[SourceTitle "EXT 1999"]
[Source "ChessBase"]
[SourceDate "1998.11.16"]
[SourceVersion "1"]
[SourceVersionDate "1998.11.16"]
[SourceQuality "1"]
[WhiteTeam "Tuerkheim"]
[BlackTeam "Lauingen"]
[WhiteTeamCountry "GER"]
[BlackTeamCountry "GER"]

1. e4 c5 2. Nf3 a6 3. d4 cxd4 4. Nxd4 Nf6 5. Bd3 e5 6. Nb3 d5 7. exd5 Qxd5 8. 0-0 Be7 9. Nc3 Qd8 10. Qe2 Nc6 11. Rd1 Qc7 12. Bg5 Be6 13. a4 Rd8 14. Be3 Ng4 15. Be4 Nxe3 16. Qxe3 0-0 17. Nc5 Qc8 18. Nxe6 Qxe6 19. Nd5 Nd4 20. Qh3 f5 21. Rxd4 exd4 22. Bxf5 Rxf5 23. Nxe7+ Qxe7 24. Qxf5 Qe2 25. g3 d3 26. cxd3 Qxb2 27. Qe6+ Kh8 28. Re1 h6 29. Qe7 Qd4 30. Re3 Kg8 31. a5 Rd7 32. Qe6+ Kh7 33. h4 Rd8 34. Qf7 Qa4 35. Re6 Rd7 36. Qg6+ 1-0

[Event "Regionalliga SW 9596"]
[Site "Bayern"]
[Date "1996.??.??"]
[Round "?"]
[White "Wiest, Georg"]
[Black "Hackenberg, Andreas"]
[Result "1/2-1/2"]
[WhiteElo "2190"]
[BlackElo "2190"]
[PlyCount "124"]
[EventDate "1995.10.??"]
[EventType "team-tourn"]
[EventRounds "9"]
[EventCountry "GER"]
[SourceTitle "EXT 1999"]
[Source "ChessBase"]
[SourceDate "1998.11.16"]
[SourceVersion "1"]
[SourceVersionDate "1998.11.16"]
[SourceQuality "1"]
[WhiteTeam "Lauingen"]
[BlackTeam "Haunstetten"]
[WhiteTeamCountry "GER"]
[BlackTeamCountry "GER"]

1. e4 e5 2. Bc4 Nf6 3. d3 Bc5 4. Nf3 d6 5. 0-0 0-0 6. c3 Bb6 7. Qe2 Bg4 8. h3 Bh5 9. Nbd2 c6 10. Re1 Nbd7 11. Nf1 d5 12. Bb3 Bg6 13. Bg5 dxe4 14. dxe4 Qe7 15. Nh4 Nc5 16. Nxg6 hxg6 17. Qf3 Rad8 18. Rad1 Nxb3 19. axb3 Qe6 20. b4 Rxd1 21. Rxd1 Rd8 22. Rxd8+ Bxd8 23. Qd3 Bb6 24. Be3 Qd7 25. Qc2 Nh5 26. Bxb6 axb6 27. Qd2 Nf6 28. Qxd7 Nxd7 29. Nd2 Kf8 30. f3 Ke7 31. Kf2 g5 32. Ke3 Ke6 33. g3 g6 34. g4 Kd6 35. Nc4+ Kc7 36. Kd3 f6 37. Ne3 Nf8 38. Ng2 Ne6 39. Kc4 b5+ 40. Kd3 b6 41. Ke3 Kd6 42. Kd3 c5 43. bxc5+ bxc5 44. Ke3 c4 45. Kd2 Kc5 46. Kc2 b4 47. Kd2 b3 48. Kd1 Kb5 49. Kd2 Nc5 50. Ne1 Kc6 51. Kc1 Kd6 52. Kb1 Ne6 53. Ng2 Kc5 54. Kc1 Kd6 55. Kd2 Kc5 56. Kc1 Kb5 57. Kd2 Nc5 58. Ne1 Kb6 59. Kd1 Kc7 60. Kc1 Kd6 61. Kb1 Ke6 62. Ng2 Nd7 1/2-1/2

[Event "Regionalliga SW 9596"]
[Site "Bayern"]
[Date "1996.??.??"]
[Round "?"]
[White "Wiest, Georg"]
[Black "Maugg, Ludwig"]
[Result "1/2-1/2"]
[WhiteElo "2190"]
[BlackElo "2195"]
[PlyCount "71"]
[EventDate "1995.10.??"]
[EventType "team-tourn"]
[EventRounds "9"]
[EventCountry "GER"]
[SourceTitle "EXT 1999"]
[Source "ChessBase"]
[SourceDate "1998.11.16"]
[SourceVersion "1"]
[SourceVersionDate "1998.11.16"]
[SourceQuality "1"]
[WhiteTeam "Lauingen"]
[BlackTeam "Sonthofen"]
[WhiteTeamCountry "GER"]
[BlackTeamCountry "GER"]

1. e4 c5 2. Nf3 Nc6 3. d3 g6 4. g3 Bg7 5. Bg2 e5 6. 0-0 Nge7 7. c3 d6 8. Be3 0-0 9. Ne1 Be6 10. f4 Rc8 11. Nf3 h6 12. Qd2 Kh7 13. d4 cxd4 14. cxd4 exd4 15. Nxd4 Nxd4 16. Bxd4 Bxd4+ 17. Qxd4 Nc6 18. Qd2 Qb6+ 19. Kh1 Nb4 20. Nc3 Bc4 21. Rf3 Rfd8 22. b3 d5 23. exd5 Bxd5 24. Nxd5 Rxd5 25. Qe2 Qd4 26. Rff1 Rc2 27. Qe4 Qd2 28. a3 Rd4 29. Qxb7 Rd7 30. Qf3 Nd3 31. Kg1 Nc1 32. Kh1 Re7 33. Qd1 Nxb3 34. Qxd2 Rxd2 35. Rad1 Rb2 36. Rb1 1/2-1/2

[Event "Regionalliga SW 9697"]
[Site "Bayern"]
[Date "1996.??.??"]
[Round "?"]
[White "Wolfsteiner, Helmut"]
[Black "Wiest, Georg"]
[Result "1-0"]
[WhiteElo "2135"]
[BlackElo "2190"]
[PlyCount "123"]
[EventDate "1996.10.??"]
[EventType "team-tourn"]
[EventRounds "9"]
[EventCountry "GER"]
[SourceTitle "EXT 1999"]
[Source "ChessBase"]
[SourceDate "1998.11.16"]
[SourceVersion "1"]
[SourceVersionDate "1998.11.16"]
[SourceQuality "1"]
[WhiteTeam "Kriegshaber SK"]
[BlackTeam "Lauingen"]
[WhiteTeamCountry "GER"]
[BlackTeamCountry "GER"]

1. e4 c5 2. Nc3 Nc6 3. Nf3 a6 4. d4 cxd4 5. Nxd4 e6 6. Be3 Qc7 7. Bd3 Nf6 8. 0-0 Ne5 9. h3 d6 10. Qe2 Be7 11. f4 Nxd3 12. cxd3 0-0 13. Rac1 Qa5 14. Nb3 Qh5 15. Rf3 Bd7 16. g4 Qh4 17. Qg2 Ne8 18. Nd4 Bf6 19. g5 Bxd4 20. Bxd4 Rc8 21. Rcf1 Qh5 22. Nd1 f5 23. gxf6 Nxf6 24. Rg3 Qf7 25. Ne3 Bb5 26. Kh2 Rc7 27. Rg1 Kh8 28. Qf2 Rg8 29. Bxf6 Qxf6 30. Ng4 Qh4 31. R1g2 Rf8 32. Qd4 Qe7 33. Ne3 Qf6 34. Qxf6 Rxf6 35. f5 exf5 36. Nxf5 g6 37. Ne3 Rcf7 38. Ng4 Rf4 39. Rd2 Bd7 40. Kg2 h5 41. Ne3 Kh7 42. Nc4 R7f6 43. Rc2 h4 44. Re3 g5 45. d4 Kh6 46. Nb6 Be6 47. d5 Bf7 48. Nd7 Rg6 49. Rc8 Rg7 50. Nb6 Bg6 51. Rh8+ Bh7 52. Re8 Rgf7 53. Re2 Bg6 54. Nc4 Rc7 55. Nxd6 Bxe8 56. Nxe8 Rd7 57. e5 Rxd5 58. e6 Rd3 59. e7 Rg3+ 60. Kh2 Rff3 61. Nd6 Rxh3+ 62. Kg1 1-0

[Event "Regionalliga SW 9495"]
[Site "Bayern"]
[Date "1995.??.??"]
[Round "?.2"]
[White "Maugg, Ludwig"]
[Black "Wiest, Georg"]
[Result "0-1"]
[WhiteElo "2100"]
[BlackElo "2175"]
[PlyCount "54"]
[EventDate "1994.10.??"]
[EventType "team-tourn"]
[EventRounds "9"]
[EventCountry "GER"]
[SourceTitle "EXT 1999"]
[Source "ChessBase"]
[SourceDate "1998.11.16"]
[SourceVersion "1"]
[SourceVersionDate "1998.11.16"]
[SourceQuality "1"]
[WhiteTeam "Sonthofen"]
[BlackTeam "Lauingen"]
[WhiteTeamCountry "GER"]
[BlackTeamCountry "GER"]

1. d4 d5 2. c4 c6 3. Nf3 Nf6 4. Nc3 g6 5. cxd5 cxd5 6. Bf4 Nc6 7. e3 Bg7 8. Be2 0-0 9. 0-0 Bg4 10. h3 Bf5 11. Rc1 Rc8 12. Qb3 Na5 13. Qb4 a6 14. Ne5 Ne8 15. Nxd5 Qxd5 16. Rxc8 Bxc8 17. Rc1 Bxe5 18. dxe5 Nc6 19. Qc3 Be6 20. b3 Qa5 21. Qb2 Nc7 22. a3 Rd8 23. b4 Qa4 24. Bf3 Nb5 25. Bxc6 bxc6 26. Rxc6 Qd1+ 27. Kh2 Rd2 0-1

[Event "Regionalliga SW 9495"]
[Site "Bayern"]
[Date "1995.??.??"]
[Round "?.2"]
[White "Wiest, Georg"]
[Black "Dierich, Jochen"]
[Result "1-0"]
[WhiteElo "2175"]
[BlackElo "1905"]
[PlyCount "43"]
[EventDate "1994.10.??"]
[EventType "team-tourn"]
[EventRounds "9"]
[EventCountry "GER"]
[SourceTitle "EXT 1999"]
[Source "ChessBase"]
[SourceDate "1998.11.16"]
[SourceVersion "1"]
[SourceVersionDate "1998.11.16"]
[SourceQuality "1"]
[WhiteTeam "Lauingen"]
[BlackTeam "Heimertingen"]
[WhiteTeamCountry "GER"]
[BlackTeamCountry "GER"]

1. e4 g6 2. d4 Bg7 3. g3 d6 4. Bg2 Nf6 5. Nc3 0-0 6. h3 Nbd7 7. Nge2 c5 8. Be3 cxd4 9. Bxd4 Qa5 10. a4 Nc5 11. 0-0 Bd7 12. g4 Ne6 13. Be3 h5 14. g5 Nh7 15. f4 Bc6 16. Qd2 f5 17. Rab1 fxe4 18. b4 Qf5 19. b5 Bd7 20. Ng3 Qf7 21. Bxe4 Rac8 22. Nd5 1-0